<?xml version="1.0" encoding="UTF-8"?>
<record
    xmlns:xsi="http://www.w3.org/2001/XMLSchema-instance"
    xsi:schemaLocation="http://www.loc.gov/MARC21/slim http://www.loc.gov/standards/marcxml/schema/MARC21slim.xsd"
    xmlns="http://www.loc.gov/MARC21/slim">

  <leader>00518nam a22001817a 4500</leader>
  <controlfield tag="005">20240313155446.0</controlfield>
  <controlfield tag="008">240313b        |||||||| |||| 00| 0 eng d</controlfield>
  <datafield tag="020" ind1=" " ind2=" ">
    <subfield code="a">9780316 126434</subfield>
  </datafield>
  <datafield tag="041" ind1=" " ind2=" ">
    <subfield code="a">eng</subfield>
  </datafield>
  <datafield tag="082" ind1=" " ind2=" ">
    <subfield code="a">720.95</subfield>
    <subfield code="b">LAM</subfield>
  </datafield>
  <datafield tag="100" ind1=" " ind2=" ">
    <subfield code="a">Lamster M.</subfield>
    <subfield code="9">206084</subfield>
  </datafield>
  <datafield tag="245" ind1=" " ind2=" ">
    <subfield code="a">Philip Johnson: The Man In The Glass House</subfield>
  </datafield>
  <datafield tag="260" ind1=" " ind2=" ">
    <subfield code="a">New York</subfield>
    <subfield code="b">Little Brown And Company</subfield>
    <subfield code="c">2017</subfield>
  </datafield>
  <datafield tag="300" ind1=" " ind2=" ">
    <subfield code="a">508p</subfield>
    <subfield code="b">Hb</subfield>
    <subfield code="c">24.5 x 15.5</subfield>
  </datafield>
  <datafield tag="365" ind1=" " ind2=" ">
    <subfield code="a">INR</subfield>
    <subfield code="b">3020.50</subfield>
    <subfield code="c">Rupaye</subfield>
  </datafield>
  <datafield tag="500" ind1=" " ind2=" ">
    <subfield code="a">The Master's Joy
From ASeul To Paul
</subfield>
  </datafield>
  <datafield tag="942" ind1=" " ind2=" ">
    <subfield code="c">BK</subfield>
  </datafield>
  <datafield tag="999" ind1=" " ind2=" ">
    <subfield code="c">357590</subfield>
    <subfield code="d">357590</subfield>
  </datafield>
  <datafield tag="952" ind1=" " ind2=" ">
    <subfield code="0">0</subfield>
    <subfield code="1">0</subfield>
    <subfield code="2">ddc</subfield>
    <subfield code="4">0</subfield>
    <subfield code="7">0</subfield>
    <subfield code="8">Book of B Arch</subfield>
    <subfield code="a">BNCA</subfield>
    <subfield code="b">BNCA</subfield>
    <subfield code="d">2024-03-13</subfield>
    <subfield code="e">Word Book Shop</subfield>
    <subfield code="f">B Arch</subfield>
    <subfield code="g">1902.92</subfield>
    <subfield code="i">2478</subfield>
    <subfield code="l">1</subfield>
    <subfield code="o">720.95 LAM</subfield>
    <subfield code="p">BNCA-BK-12634</subfield>
    <subfield code="r">2025-11-27 16:42:41</subfield>
    <subfield code="s">2025-11-14</subfield>
    <subfield code="t">37%</subfield>
    <subfield code="v">3020.50</subfield>
    <subfield code="w">2024-03-06</subfield>
    <subfield code="y">RF</subfield>
  </datafield>
</record>
